Catalog

Record Details

Catalog Search



The Glory of Christ  Cover Image Book Book

The Glory of Christ / R.C. Sproul

Record details

  • ISBN: 0-8423-1041-X
  • Physical Description: 219 s.
  • Publisher: Wheaton, Illinois :  Tyndale House Publishers ,  1990

Available copies

  • 1 of 1 copy available at Common Catalog SPOK.

Holds

  • 0 current holds with 1 total copy.
Show All Copies
Location Call Number / Copy Notes Barcode Shelving Location Status Due Date
ETS Library 248 424470020284 Volný výběr Available -

LDR nam a22 i 4500
00153849
003CZ-PrJAB
00520230829145119.0
007ta
008230708s1990 xxu e 000 0 eng d
020 . ‡a0-8423-1041-X
040 . ‡aABG450 ‡bcze ‡erda
08214. ‡a248
1001 . ‡aSproul, R.C. ‡q(Robert Charles), ‡d1939- ‡7jn20000605115 ‡4aut
24514. ‡aThe Glory of Christ / ‡cR.C. Sproul
264 1. ‡aWheaton, Illinois :  ‡bTyndale House Publishers ,  ‡c1990
300 . ‡a219 s.
336 . ‡atext ‡btxt ‡2rdacontent
338 . ‡asvazek ‡bnc ‡2rdacarrier
910 . ‡aABG450
995 . ‡aska
901 . ‡a53849 ‡bAUTOGEN ‡c53849 ‡tbiblio

Additional Resources